000 00395 a2200109 4500
001 ART_18424
005 20260410161702.0
008 260409a
245 1 0 _aLa aplicación de la nueva ley penal tributaria en el tiempo. Ley penal más benigna y períodos fiscales involucrados.
100 1 _aLudueña, Gabriel E.
773 0 _tRevista Impuestos
_g- Nº 4 (abr. 2012)
_wREV639
999 _c15229
_d15229